[Event "Nordic Youth-ch A 2019"]
[Site "Borgarnes"]
[Date "2019.02.17"]
[Round "5.18"]
[White "Koota, Ilkka"]
[Black "Knudsen, Philip Uhre"]
[Result "1-0"]
[WhiteElo "1514"]
[BlackElo "1394"]
[Annotator "NA"]
[PlyCount "85"]
[EventDate "2019.02.03"]
[EventType "swiss"]
[EventCountry "ISL"]
[SourceTitle "playchess.com"]
[Source "ChessBase"]
[SourceQuality "1"]
[TimeControl "5400+30"]

1. e4 {[%emt 0:00:00]} e5 {[%emt 0:00:00]} 2. Nf3 {[%emt 0:00:00]} Nf6 {[%emt 0:00:00]} 3. Nxe5 {[%emt 0:00:00]} Nc6 {[%emt 0:00:00]} 4. Nxc6 {[%emt 0:00:24]} dxc6 {[%emt 0:00:00]} 5. Nc3 {[%emt 0:00:39]} Bc5 {[%emt 0:00:02]} 6. h3 {[%emt 0:02:35]} O-O {[%emt 0:01:18]} 7. d3 {[%emt 0:00:39]} Re8 {[%emt 0:01:30]} 8. Be2 {[%emt 0:00:20]} b5 {[%emt 0:01:14]} 9. a3 {[%emt 0:00:28]} a5 {[%emt 0:00:13]} 10. O-O {[%emt 0:00:14]} Bb7 {[%emt 0:00:53]} 11. Qe1 {[%emt 0:05:36]} Nd7 {[%emt 0:04:08]} 12. Kh1 {[%emt 0:03:25]} Bb6 {[%emt 0:01:58]} 13. f4 {[%emt 0:00:39]} b4 {[%emt 0:02:20]} 14. Nd1 {[%emt 0:00:26]} c5 {[%emt 0:01:27]} 15. Ne3 {[%emt 0:00:31]} Nf8 {[%emt 0:02:17]} 16. Qg3 {[%emt 0:00:39]} Ne6 {[%emt 0:02:07]} 17. f5 {[%emt 0:00:46]} Nd4 {[%emt 0:00:34]} 18. f6 {[%emt 0:01:35]} g6 {[%emt 0:01:27]} 19. Bd1 {[%emt 0:03:13]} Re6 {[%emt 0:02:37]} 20. e5 {[%emt 0:04:08]} Nc6 {[%emt 0:03:20]} 21. Nc4 {[%emt 0:00:52]} Qf8 {[%emt 0:04:34]} 22. Bf4 {[%emt 0:00:28]} Nd4 {[%emt 0:01:01]} 23. Bg4 {[%emt 0:07:55]} Ree8 {[%emt 0:00:31]} 24. c3 {[%emt 0:00:39]} Ne6 {[%emt 0:03:16]} 25. Be3 {[%emt 0:03:58]} bxa3 {[%emt 0:05:29]} 26. bxa3 {[%emt 0:00:25]} Bc8 {[%emt 0:00:51]} 27. Rab1 {[%emt 0:01:26]} Ra6 {[%emt 0:00:33]} 28. Rxb6 Rxb6 29. Nxb6 {[%emt 0:04:24]} cxb6 {[%emt 0:02:17]} 30. Rb1 {[%emt 0:00:50]} Rd8 {[%emt 0:00:47]} 31. Bd2 Ba6 {[%emt 0:01:44]} 32. Bxe6 {[%emt 0:05:54]} Bxd3 33. Bxf7+ {[%emt 0:03:25]} Qxf7 {[%emt 0:01:19]} 34. Rxb6 {[%emt 0:01:28]} Bf5 35. Bg5 Re8 {[%emt 0:04:39]} 36. Qe3 {[%emt 0:06:13]} Qd5 {[%emt 0:03:28]} 37. f7+ {[%emt 0:04:03]} Kxf7 {[%emt 0:06:42]} 38. Bf6 Re6 39. Qh6 {[%emt 0:01:23]} Qd1+ {[%emt 0:02:03]} 40. Kh2 {[%emt 0:00:13]} Rxb6 {[%emt 0:00:27]} 41. Qg7+ {[%emt 0:00:05]} Ke6 {[%emt 0:00:09]} 42. Qe7+ {[%emt 0:00:04]} Kd5 {[%emt 0:00:36]} 43. Qd8+ {[%emt 0:00:06]} 1-0

[Event "Nordic Youth-ch A 2019"]
[Site "Borgarnes"]
[Date "2019.02.17"]
[Round "5.19"]
[White "Moller, Tomas"]
[Black "Jaakkola, Niklas"]
[Result "0-1"]
[WhiteElo "1226"]
[BlackElo "1635"]
[Annotator "NA"]
[PlyCount "60"]
[EventDate "2019.02.03"]
[EventType "swiss"]
[EventCountry "ISL"]
[SourceTitle "playchess.com"]
[Source "ChessBase"]
[SourceQuality "1"]
[TimeControl "5400+30"]

1. e4 {[%emt 0:00:00]} c5 {[%emt 0:00:00]} 2. Nf3 {[%emt 0:00:00]} Nc6 {[%emt 0:00:00]} 3. d4 {[%emt 0:00:00]} cxd4 {[%emt 0:00:00]} 4. Nxd4 {[%emt 0:00:15]} e5 {[%emt 0:00:00]} 5. Nb3 {[%emt 0:00:44]} d6 {[%emt 0:06:19]} 6. Nc3 {[%emt 0:02:12]} Be7 {[%emt 0:08:41]} 7. Bc4 {[%emt 0:04:42]} Nf6 {[%emt 0:02:37]} 8. f3 {[%emt 0:02:58]} Be6 {[%emt 0:03:25]} 9. Nd5 {[%emt 0:05:11]} O-O {[%emt 0:12:58]} 10. Be3 {[%emt 0:01:23]} Bxd5 {[%emt 0:02:02]} 11. Bxd5 {[%emt 0:04:30]} Nxd5 {[%emt 0:00:58]} 12. Qxd5 {[%emt 0:02:40]} Rc8 {[%emt 0:12:03]} 13. c3 {[%emt 0:03:54]} Bg5 {[%emt 0:01:59]} 14. Qd2 {[%emt 0:03:51]} Bxe3 {[%emt 0:01:54]} 15. Qxe3 {[%emt 0:00:08]} Qc7 {[%emt 0:03:22]} 16. O-O {[%emt 0:06:34]} a6 {[%emt 0:04:47]} 17. a4 {[%emt 0:02:55]} Ne7 {[%emt 0:04:16]} 18. Kh1 {[%emt 0:02:41]} d5 {[%emt 0:06:31]} 19. Rfe1 {[%emt 0:05:04]} Rfe8 {[%emt 0:03:15]} 20. exd5 {[%emt 0:04:08]} Nxd5 {[%emt 0:00:06]} 21. Qe4 {[%emt 0:01:53]} Nf6 {[%emt 0:02:27]} 22. Qe3 {[%emt 0:02:47]} e4 {[%emt 0:03:19]} 23. fxe4 {[%emt 0:00:51]} Rxe4 {[%emt 0:01:57]} 24. Qg3 {[%emt 0:12:39]} Qxg3 {[%emt 0:00:54]} 25. hxg3 {[%emt 0:00:08]} Kf8 {[%emt 0:01:07]} 26. Nd4 {[%emt 0:02:38]} g6 {[%emt 0:01:15]} 27. Kg1 {[%emt 0:02:21]} Rce8 {[%emt 0:01:30]} 28. Kf1 {[%emt 0:02:34]} Nh5 {[%emt 0:01:37]} 29. Ne2 {[%emt 0:01:24]} Rxe2 {[%emt 0:00:09]} 30. Rxe2 {[%emt 0:00:13]} Nxg3+ {[%emt 0:00:05]} 0-1

[Event "Nordic Youth-ch A 2019"]
[Site "Borgarnes"]
[Date "2019.02.17"]
[Round "5.20"]
[White "Smarason, Kristjan Ingi"]
[Black "Olsen, William Alexander"]
[Result "0-1"]
[WhiteElo "1422"]
[BlackElo "1646"]
[Annotator "NA"]
[PlyCount "60"]
[EventDate "2019.02.03"]
[EventType "swiss"]
[EventCountry "ISL"]
[SourceTitle "playchess.com"]
[Source "ChessBase"]
[SourceQuality "1"]
[TimeControl "5400+30"]

1. d4 {[%emt 0:00:00]} Nf6 {[%emt 0:00:00]} 2. c4 {[%emt 0:00:00]} e6 {[%emt 0:00:00]} 3. Nc3 {[%emt 0:00:00]} Bb4 {[%emt 0:00:00]} 4. Bd2 {[%emt 0:00:13]} d5 {[%emt 0:00:16]} 5. e3 {[%emt 0:00:29]} O-O {[%emt 0:00:16]} 6. Nf3 {[%emt 0:00:26]} b6 {[%emt 0:01:47]} 7. cxd5 {[%emt 0:00:22]} exd5 {[%emt 0:00:00]} 8. Bd3 {[%emt 0:01:20]} Re8 {[%emt 0:01:42]} 9. O-O {[%emt 0:01:32]} Bg4 {[%emt 0:06:24]} 10. h3 {[%emt 0:04:59]} Bh5 {[%emt 0:00:16]} 11. a3 {[%emt 0:01:49]} Bf8 {[%emt 0:02:41]} 12. Re1 {[%emt 0:03:57]} Bg6 {[%emt 0:03:52]} 13. Qc2 {[%emt 0:03:39]} c5 {[%emt 0:04:26]} 14. Bxg6 {[%emt 0:05:32]} hxg6 {[%emt 0:00:20]} 15. e4 {[%emt 0:01:53]} dxe4 {[%emt 0:11:41]} 16. Nxe4 {[%emt 0:03:46]} Nbd7 {[%emt 0:02:34]} 17. Nxf6+ {[%emt 0:05:01]} Qxf6 {[%emt 0:01:26]} 18. d5 {[%emt 0:03:47]} Qd6 {[%emt 0:09:22]} 19. Qd3 {[%emt 0:08:32]} Nf6 {[%emt 0:02:36]} 20. Rad1 {[%emt 0:05:40]} Qxd5 {[%emt 0:06:47]} 21. Qc2 {[%emt 0:02:30]} Qc6 {[%emt 0:06:29]} 22. Qb3 {[%emt 0:03:19]} Ne4 {[%emt 0:07:18]} 23. Qc2 {[%emt 0:04:04]} Bd6 {[%emt 0:04:07]} 24. Nd4 {[%emt 0:03:56]} Qb7 {[%emt 0:00:52]} 25. Nb5 {[%emt 0:04:50]} Rad8 26. Nxa7 {[%emt 0:03:23]} Nxd2 {[%emt 0:05:14]} 27. Rxe8+ {[%emt 0:00:29]} Rxe8 {[%emt 0:00:14]} 28. Qxd2 {[%emt 0:00:43]} Rd8 {[%emt 0:01:18]} 29. Qe2 {[%emt 0:09:14]} Qxa7 {[%emt 0:01:19]} 30. Rd3 {[%emt 0:03:12]} Qa6 {[%emt 0:01:51]} 0-1

[Event "Nordic Youth-ch A 2019"]
[Site "Borgarnes"]
[Date "2019.02.17"]
[Round "6.1"]
[White "Keinanen, Toivo"]
[Black "Thorgeirsson, Jon Kristinn"]
[Result "1/2-1/2"]
[WhiteElo "2403"]
[BlackElo "2306"]
[Annotator "TA"]
[PlyCount "83"]
[EventDate "2019.02.03"]
[EventType "swiss"]
[EventCountry "ISL"]
[SourceTitle "playchess.com"]
[Source "ChessBase"]
[SourceQuality "1"]

{[%evp 16,83,30,16,50,41,40,37,43,42,16,9,27,27,15,20,17,25,45,45,47,45,46,0,0,0,0,0,0,0,0,0,0,0,0,0,0,0,0,0,2,2,0,0,4,4,8,4,5,0,6,5,5,0,0,0,4,0,0,0,6,0,10,0,0,0,0,0,0,0]} 1. c4 c5 2. g3 Nf6 3. Bg2 e6 4. Nf3 d5 5. d4 Nc6 6. O-O dxc4 7. Qa4 Bd7 8. Qxc4 b5 9. Qd3 Qb6 {[%cal Rc5d4] E04: Open Catalan: 5 Nf3} (9... c4 10. Qd1 Rc8 11. b3 Na5 12. Ne5 cxb3 13. axb3 Rxc1 14. Qxc1 Nxb3 15. Qb2 Nxa1 16. Qxa1 Bd6 17. Qxa7 O-O 18. Nxd7 Nxd7 {½-½ (77) Yu,Y (2751)-Harikrishna,P (2744) Huaian 2017}) 10. dxc5 Bxc5 11. Nc3 Nb4 {White is slightly better.} 12. Qb1 Bc6 13. a4 $146 ({Predecessor:} 13. a3 Nbd5 14. Nxd5 Bxd5 15. b4 Be7 16. Be3 Qb7 17. Rc1 {½-½ (51) Viglundsson,B (2169)-Thorsteinsson,T (2258) Reykjavik 2015}) 13... bxa4 14. Nxa4 Bxa4 15. Rxa4 Rc8 16. e3 Qb5 17. b3 O-O 18. Bb2 Nbd5 19. Nd4 (19. Qa1 {seems wilder.} Rfd8 20. Nd4 Qd3 21. Rc4 Bxd4 22. Rxd4 Qxb3 23. Rd2) 19... Bxd4 $1 {The position is equal.} 20. Bxd4 {Black must now prevent Qb2.} Nc3 21. Bxc3 $1 Rxc3 22. Rxa7 Rxb3 23. Qa1 Rb8 24. Ra8 Rxa8 25. Qxa8+ Qe8 26. Qa2 Rc3 27. Qb2 Rc8 28. Ra1 h6 29. Bf3 Qd7 30. Kg2 Rd8 31. Qb6 Qd6 32. Qa5 Rb8 33. Rd1 Qb6 34. Qd2 Qb4 35. Qc2 Qb6 36. Rd3 Qa5 37. Rc3 (37. Rd6 {feels hotter.} Qe5 38. Qc7 Rf8 39. Qb6 g5 40. Rd8) 37... Rd8 38. h4 Qb4 39. Rd3 Rxd3 40. Qxd3 g6 41. Qd8+ Kg7 42. Qd3 {Accuracy: White = 60%, Black = 68%.} 1/2-1/2

[Event "Nordic Youth-ch A 2019"]
[Site "Borgarnes"]
[Date "2019.02.17"]
[Round "6.2"]
[White "Kristensen, Bjarke Hautop"]
[Black "Crevatin, Leo"]
[Result "0-1"]
[WhiteElo "2212"]
[BlackElo "2190"]
[Annotator "NA"]
[PlyCount "86"]
[EventDate "2019.02.03"]
[EventType "swiss"]
[EventCountry "ISL"]
[SourceTitle "playchess.com"]
[Source "ChessBase"]
[SourceQuality "1"]
[TimeControl "5400+30"]

1. Nf3 {[%emt 0:00:00]} d5 2. e3 {[%emt 0:00:00]} Nf6 {[%emt 0:00:20]} 3. c4 {[%emt 0:00:00]} c6 {[%emt 0:00:11]} 4. Nc3 e6 5. b3 {[%emt 0:00:00]} Bd6 {[%emt 0:00:07]} 6. Bb2 {[%emt 0:00:00]} O-O {[%emt 0:00:00]} 7. Qc2 {A11: English Opening: 1...c6} e5 {[%emt 0:00:00]} 8. cxd5 {[%emt 0:00:33]} cxd5 {[%emt 0:00:03]} 9. Nb5 {[%emt 0:00:16]} Nc6 {[%emt 0:00:02]} 10. Nxd6 {[%emt 0:00:56]} Qxd6 11. d4 {[%emt 0:03:05]} e4 {[%emt 0:00:55]} 12. Ne5 {[%emt 0:00:30]} Nb4 {[%emt 0:00:42]} 13. Qd2 {[%emt 0:00:03]} Ne8 {[%emt 0:03:17] [#]} 14. f3 $146 {[%emt 0:03:33]} ({Predecessor:} 14. h3 f6 {1-0 (37) Ivanchuk,V (2713)-Pijpers,A (2453) Batumi 2018}) 14... f6 {[%emt 0:06:19]} 15. fxe4 fxe5 {[%emt 0:00:30]} 16. dxe5 {[%emt 0:00:41]} Qe7 {[%emt 0:04:19]} 17. exd5 {[%emt 0:02:35]} Qh4+ {[%emt 0:06:38]} 18. Kd1 {[%emt 0:07:30]} Rf2 {[%emt 0:08:20]} 19. Be2 {[%emt 0:02:09]} Bg4 {[%emt 0:02:44]} 20. Re1 {[%emt 0:01:08]} Bxe2+ {[%emt 0:00:11]} 21. Rxe2 {[%emt 0:00:03]} Rf1+ {[%emt 0:00:13]} 22. Re1 {[%emt 0:00:03]} Rxe1+ {[%emt 0:00:18]} 23. Qxe1 {[%emt 0:00:03]} Qxe1+ {[%emt 0:00:08]} 24. Kxe1 {[%emt 0:00:11]} Nc2+ {[%emt 0:00:18]} 25. Kd2 {[%emt 0:00:21]} Nxa1 {[%emt 0:00:03]} 26. Bxa1 {[%emt 0:00:04]} Nc7 {[%emt 0:00:50]} 27. e4 {[%emt 0:00:06]} Rd8 {[%emt 0:03:34]} 28. Kd3 {[%emt 0:01:15]} Nxd5 {[%emt 0:00:07]} 29. exd5 {[%emt 0:00:03]} Rxd5+ {[%emt 0:00:05]} 30. Bd4 {[%emt 0:00:06]} Kf7 {[%emt 0:00:39]} 31. Ke4 {[%emt 0:03:08]} Ke6 {[%emt 0:00:01]} 32. a4 {[%emt 0:00:06]} a6 {[%emt 0:03:04]} 33. b4 {[%emt 0:00:18]} b5 {[%emt 0:01:41]} 34. a5 {[%emt 0:02:20]} Rd7 {[%emt 0:01:41]} 35. g4 {[%emt 0:04:04]} Rf7 {[%emt 0:00:32]} 36. Bc5 {[%emt 0:01:12]} Rf1 {[%emt 0:01:44]} 37. Bd6 {[%emt 0:00:04]} g5 {[%emt 0:03:38]} 38. Kd4 {[%emt 0:06:25]} Rc1 {[%emt 0:00:12]} 39. h3 {[%emt 0:00:04]} Rc4+ {[%emt 0:00:31]} 40. Kd3 {[%emt 0:00:05]} Kd5 {[%emt 0:00:22]} 41. Kd2 {[%emt 0:00:18]} Re4 {[%emt 0:01:55]} 42. Kd3 {[%emt 0:00:45]} Re1 $19 {[%emt 0:00:15]} 43. Kd2 {[%emt 0:01:07]} Rh1 {[%emt 0:00:09]} 0-1

[Event "Nordic Youth-ch A 2019"]
[Site "Borgarnes"]
[Date "2019.02.17"]
[Round "6.3"]
[White "Skaale, Janus"]
[Black "Nazarova, Anastasia"]
[Result "0-1"]
[WhiteElo "1765"]
[BlackElo "2176"]
[Annotator "NA"]
[PlyCount "152"]
[EventDate "2019.02.03"]
[EventType "swiss"]
[EventCountry "ISL"]
[SourceTitle "playchess.com"]
[Source "ChessBase"]
[SourceQuality "1"]
[TimeControl "5400+30"]

1. e4 {[%emt 0:00:00]} c5 {[%emt 0:00:00]} 2. Nf3 {[%emt 0:00:00]} Nc6 {[%emt 0:00:00]} 3. d4 {[%emt 0:00:01]} cxd4 {[%emt 0:00:00]} 4. Nxd4 {[%emt 0:00:27]} g6 {[%emt 0:00:00]} 5. Nc3 {[%emt 0:00:24]} Bg7 {[%emt 0:00:00]} 6. Be3 {[%emt 0:01:09]} Nf6 {[%emt 0:00:00]} 7. Nxc6 {[%emt 0:00:21]} bxc6 {[%emt 0:00:00]} 8. e5 {[%emt 0:00:28]} Ng8 {[%emt 0:00:00]} 9. Bd4 {[%emt 0:07:29]} Qa5 {[%emt 0:00:49]} 10. f4 {[%emt 0:06:04]} f6 11. Qd2 fxe5 {[%emt 0:08:30] B34: Sicilian: Accelerated Dragon with 5 Nc3: sidelines} 12. fxe5 {[%emt 0:00:52]} c5 {[%emt 0:02:02]} 13. Be3 {[%emt 0:02:29]} Bxe5 {[%emt 0:16:04]} 14. Bc4 {[%emt 0:02:39] [#]} e6 $2 $146 {[%emt 0:10:39]} ({Predecessor:} 14... Nf6 $11 15. O-O Rb8 (15... Ba6 16. Bxa6 Qxa6 17. Bxc5 d6 18. Rae1 O-O 19. Bd4 Bxd4+ 20. Qxd4 {½-½ (36) Kasparov,G (2838)-Ivanchuk,V (2711) Prague 2002})) 15. O-O {[%emt 0:04:34]} Ne7 {[%emt 0:01:36]} 16. Qf2 {[%emt 0:03:38]} Nf5 {[%emt 0:06:20]} 17. Bxc5 {[%emt 0:01:24]} Bb7 {[%emt 0:02:01]} 18. Nb5 {[%emt 0:05:56]} a6 {[%emt 0:18:02] [#]} 19. Bd4 $2 {[%emt 0:07:48]} (19. b4 $1 $16 {[%cal Rb4a5] keeps the pressure on.} Qd8 20. Nd4) 19... Bxd4 {[%emt 0:14:03]} 20. Nxd4 {[%emt 0:00:47]} O-O {[%emt 0:00:26]} 21. Nf3 {[%emt 0:12:04]} (21. Nxf5 $11 Rxf5 22. Qd4) 21... Bxf3 {[%emt 0:01:09]} 22. gxf3 {[%emt 0:01:41]} Qb4 {[%emt 0:03:10]} 23. Bb3 {[%emt 0:00:55]} (23. b3 $15) 23... Qf4 {[%emt 0:02:29]} ({Black should try} 23... Nh4 24. f4 {[#]} g5 $1 {[%mdl 512]}) 24. Rae1 {[%emt 0:04:27]} Nh4 {[%emt 0:06:05]} 25. Re3 {[%emt 0:01:09]} Rf5 {[%emt 0:00:06]} 26. Kh1 {[%emt 0:03:54]} Raf8 {[%emt 0:00:15]} 27. Qe2 {[%emt 0:02:06]} (27. c3 $17) 27... g5 {[%emt 0:03:33]} (27... Rh5 $19 28. Re4 Qc7) 28. Re4 $2 {[%emt 0:04:22]} (28. Bc4 $17) 28... Qc7 {[%emt 0:01:01]} 29. Qc4 $2 {[%emt 0:02:43]} (29. Rxh4 gxh4 30. Bc4) 29... Rc5 {[%emt 0:02:28]} (29... Qb7 $142 30. Qb4 Qa8 31. Rxe6 dxe6 32. Bxe6+ Kg7 33. Bxf5 Rxf5 34. Qe7+ Kh8) 30. Qd3 {[%emt 0:05:28]} Rcf5 {[%emt 0:00:57]} (30... Rf7 $17 31. c3 Rcf5) 31. Qc4 {[%emt 0:01:31]} Qb6 {[%emt 0:01:00]} 32. Qd4 {[%emt 0:02:21] [#]} Qxd4 {[%emt 0:02:07]} (32... Qb7 $1 $19 {and Black stays clearly on top.} 33. Rxh4 Rxf3) 33. Rxd4 {[%emt 0:00:02]} Rxf3 {[%emt 0:00:15]} 34. Rxf3 {[%emt 0:00:11]} (34. Rg1 $15 Kh8 35. Rxd7) 34... Rxf3 {[%emt 0:00:09]} ({Stronger than} 34... Nxf3 35. Rxd7 Rf6 36. h3 $14) 35. Kg1 {[%emt 0:00:16]} Rxb3 {[%emt 0:00:18]} 36. Rxh4 {[%emt 0:00:28]} Rxb2 {[%emt 0:00:04]} 37. Ra4 {[%emt 0:00:19]} Rxc2 {[%emt 0:00:17]} 38. Rxa6 {[%emt 0:00:05]} Kf7 {[%emt 0:01:47]} 39. a4 {[%emt 0:00:44]} Ra2 {[%emt 0:00:08]} 40. a5 {[%emt 0:00:05]} d5 {[%emt 0:00:10]} 41. Ra8 {[%emt 0:00:12]} e5 {[%emt 0:00:42]} 42. a6 {[%emt 0:00:04]} Kg7 {[%emt 0:01:20]} 43. a7 {[%emt 0:00:08]} d4 {[%emt 0:00:31]} 44. Re8 {[%emt 0:00:18]} Rxa7 {[%emt 0:00:04]} 45. Rxe5 {[%emt 0:00:15]} Kf6 $19 {[%emt 0:01:12]} 46. Rd5 {[%emt 0:00:09]} Ra1+ {[%emt 0:00:07]} 47. Kf2 {[%emt 0:00:18]} Ra2+ {[%emt 0:00:17]} 48. Kg1 {[%emt 0:02:00]} Rd2 {[%emt 0:00:15]} 49. h3 {[%emt 0:00:06]} Kg6 {[%emt 0:01:00]} 50. Rd7 {[%emt 0:01:10]} h6 {[%emt 0:00:23]} 51. Rd6+ {[%emt 0:00:18]} Kh5 {[%emt 0:00:19]} 52. Kh1 {[%emt 0:00:15]} Kh4 {[%emt 0:00:22]} 53. Kg1 {[%emt 0:00:52]} Kg3 {[%emt 0:00:38]} 54. Kf1 {[%emt 0:00:07]} h5 {[%emt 0:01:13]} 55. Rd5 {[%emt 0:00:55]} Kh4 {[%emt 0:00:27]} 56. Ke1 {[%emt 0:01:51]} Rd3 {[%emt 0:00:04]} 57. Ke2 {[%emt 0:00:16]} Rxh3 {[%emt 0:00:09]} 58. Rxd4+ {[%emt 0:00:08]} g4 {[%emt 0:00:04]} 59. Kf2 {[%emt 0:00:15]} Rh2+ {[%emt 0:00:19]} 60. Kg1 {[%emt 0:00:16]} Re2 {[%emt 0:01:09]} 61. Rd5 {[%emt 0:01:24]} Kg3 {[%emt 0:00:36]} 62. Kf1 {[%emt 0:00:03]} Rf2+ {[%emt 0:00:11]} 63. Kg1 {[%emt 0:00:23]} h4 {[%emt 0:00:27]} 64. Rd3+ {[%emt 0:00:10]} Rf3 {[%emt 0:00:04]} 65. Rd2 {[%emt 0:00:11]} Ra3 {[%emt 0:01:05]} 66. Rg2+ {[%emt 0:00:23]} Kf4 {[%emt 0:00:06]} 67. Rf2+ {[%emt 0:00:05]} Rf3 {[%emt 0:00:16]} 68. Rb2 {[%emt 0:00:56]} g3 {[%emt 0:00:40]} 69. Rb4+ {[%emt 0:00:14]} Kg5 {[%emt 0:00:03]} 70. Rb5+ {[%emt 0:00:13]} Kg4 {[%emt 0:00:23]} 71. Rb4+ {[%emt 0:00:04]} Rf4 {[%emt 0:00:12]} 72. Rb2 {[%emt 0:00:16]} h3 {[%emt 0:02:08]} 73. Rb1 {[%emt 0:00:32]} h2+ {[%emt 0:00:28]} 74. Kg2 {[%emt 0:00:09]} Rf2+ {[%emt 0:00:09]} 75. Kh1 {[%emt 0:00:10]} Kh3 {[%emt 0:00:09]} 76. Rb3 {[%emt 0:00:17]} Rf1# {[%emt 0:00:06]} 0-1

[Event "Nordic Youth-ch A 2019"]
[Site "Borgarnes"]
[Date "2019.02.17"]
[Round "6.4"]
[White "Heimisson, Hilmir Freyr"]
[Black "Fossan, Andreas"]
[Result "1-0"]
[WhiteElo "2394"]
[BlackElo "2025"]
[Annotator "TA"]
[PlyCount "67"]
[EventDate "2019.02.03"]
[EventType "swiss"]
[EventCountry "ISL"]
[SourceTitle "playchess.com"]
[Source "ChessBase"]
[SourceQuality "1"]

{[%evp 9,66,-15,20,11,53,35,33,38,62,57,127,95,167,153,207,164,256,260,280,270,335,320,325,331,315,310,358,322,411,277,289,290,487,477,624,305,289,301,485,500,495,483,603,610,595,516,29997,2175,29995,29996,29996,29997,29997,29998,29999,29999,29999,29999,29999]} 1. e4 c6 2. Nc3 d5 3. Qf3 d4 4. Bc4 e6 5. Nce2 Ne7 (5... c5 6. d3 Nc6 7. Qg3 Na5 8. Bb5+ Bd7 9. Bxd7+ Qxd7 10. Nf3 Nc6 11. O-O Nge7 12. h4 h5 13. a3 {1-0 (46) Das,A (2456)-Sengupta,D (2589) Thiruvarur 2015}) 6. Qg3 {B11: Caro-Kann: Two Knights Variation} a5 $146 ({Predecessor:} 6... c5 7. Nf3 a6 8. a4 Nbc6 9. O-O Ng6 10. d3 Bd6 11. Nf4 Qc7 12. e5 Ncxe5 13. Nxg6 Nxf3+ {0-1 (13) Berthelot,N (1978)-Cioara,A (2477) Saint Affrique 2012}) 7. a3 b5 8. Ba2 {White is slightly better.} Bb7 9. d3 Ng6 ({Black should play} 9... c5 $14) 10. h4 $16 Bd6 {[#]} (10... c5 $16 {might work better.}) 11. f4 $1 $18 Rg8 (11... c5 $16 {was worth a try.}) 12. Nf3 (12. Nxd4 Nxf4 13. Bxf4 Bxf4 $14) 12... Na6 (12... c5 $142) 13. h5 (13. Nfxd4 $6 a4 $18) (13. Nexd4 Nc7 $18) 13... Ne7 14. Nexd4 ({Don't play} 14. Nfxd4 $6 Qd7 $16) 14... Nc7 15. Be3 c5 16. Ne2 Nc6 17. Qf2 Na6 18. h6 Qc7 19. e5 Be7 20. Nc3 Qb6 $2 (20... Na7 21. a4 bxa4 22. Nxa4 Nb4) 21. f5 exf5 22. Bxf7+ (22. e6 $142 f6 23. hxg7) 22... Kxf7 23. Ng5+ {[%mdl 64] Discovered Attack} Bxg5 $2 (23... Ke8) 24. Qxf5+ {[%mdl 64] Double Attack} Bf6 25. exf6 gxf6 26. Qxh7+ Ke6 27. Nd5 {[%mdl 64] Decoy} Kxd5 (27... Qd8 $18 28. Nf4+ (28. Qxb7 Qxd5 29. h7 Rh8 $16) 28... Kd6 29. Qxb7 Re8) 28. Qf7+ (28. Qd7+ $142 Ke5 29. Rf1 Rxg2 30. Rf5#) 28... Ke5 29. Rh5+ {White mates.} Rg5 {[#]} 30. Bf4+ $1 {[%mdl 576] Deflection, Decoy} Kxf4 31. Qxf6+ {[%mdl 64] Double Attack} Kg3 32. Rh3+ Kxg2 33. Qf3+ Kg1 34. O-O-O# {Accuracy: White = 74%, Black = 23%.} 1-0